ბათუმის შოთა რუსთაველის სახელმწიფო უნივერსიტეტის ბიბლიოთეკა

მაპატიე,ელი! (ბიბ.ჩანაწერი № 41711)

000 -LEADER
fixed length control field 00688nam a2200229Ia 4500
001 - CONTROL NUMBER
control field 8391
003 - CONTROL NUMBER IDENTIFIER
control field GE_BSU
008 - FIXED-LENGTH DATA ELEMENTS--GENERAL INFORMATION
fixed length control field 181216s||||||||xx |||||||||||||| ||und||
040 ## - CATALOGING SOURCE
Transcribing agency GE_BSU
080 ## - UNIVERSAL DECIMAL CLASSIFICATION NUMBER
Universal Decimal Classification number 821.353.1-32
100 ## - MAIN ENTRY--PERSONAL NAME
Personal name ერემაძე,ნელი
245 ## - TITLE STATEMENT
Title მაპატიე,ელი!
245 ## - TITLE STATEMENT
Remainder of title მოთხრობები
245 ## - TITLE STATEMENT
Statement of responsibility, etc. რედ. რევაზ. ჩხარტიშვილი
260 ## - PUBLICATION, DISTRIBUTION, ETC.
Place of publication, distribution, etc. თბილისი
260 ## - PUBLICATION, DISTRIBUTION, ETC.
Name of publisher, distributor, etc. წიგნის პალიტრა
260 ## - PUBLICATION, DISTRIBUTION, ETC.
Date of publication, distribution, etc. 1991
300 ## - PHYSICAL DESCRIPTION
Extent 188გვ.16სმ.
653 ## - INDEX TERM--UNCONTROLLED
Uncontrolled term მაპატიე,ელი!
653 ## - INDEX TERM--UNCONTROLLED
Uncontrolled term მოთხრობები
942 ## - ADDED ENTRY ELEMENTS (KOHA)
Koha item type წიგნი
ეგზემპლარები
Withdrawn status Lost status Damaged status Not for loan Date acquired Barcode Date last seen Price effective from Koha item type
        2018-12-17 30311 2018-12-17 2018-12-17 წიგნი
        2018-12-17 30312 2018-12-17 2018-12-17 წიგნი
        2018-12-17 30313 2018-12-17 2018-12-17 წიგნი
        2018-12-17 30314 2018-12-17 2018-12-17 წიგნი
        2018-12-17 30315 2018-12-17 2018-12-17 წიგნი